000
00261nam a2200109Ia 4500
008
231129s9999||||xx |||||||||||||| ||spa||
082
_a
Co863.6 C157cr
100
_a
Callejas Jesús I.
245
0
_a
Crónicas del olimpo
264
_a
S.L : S.N
942
_2
ddc
_c
BKS
999
_c
8315
_d
8315